000 00558nam a22002297a 4500
003 UA-OsUOA
001 41190
007 ta
008 20080721b un ||||| |||| 00| 0 ukr d
100 _aСтецько Ярослав
090 _a82-92
_bС79
942 _cBR
040 _aUA-OsUOA
_bukr
_cUA-OsUOA
_dUA-OsUOA
245 _aДві революції
300 _a44 с.
955 _a4
041 _aukr
080 _a82-92
260 _aК.
_c1999
650 7 _a82 Література. Літературознавство
_2UDC
999 _c439690
_d439690